000 00407nam a2200169Ia 4500
008 230711s9999||||xx |||||||||||||| ||und||
020 _a`
041 _aENG
082 _a664.09
_bJO-H
100 _aJohn P.Jacob
245 2 _aA Handbook on Food Packaging
250 _a1st Ed.
260 _c2017
_aDelhi
_bDaya Publishing House
300 _a205p.
650 _aFood Science and Technology
942 _cBK
999 _c7416
_d7416